| 000 | 00612 a2200229 4500 | ||
|---|---|---|---|
| 020 | _a06-013366-8 | ||
| 041 | _aEng | ||
| 082 |
_a355-95694 _bL551k |
||
| 100 |
_aLeon, Dan _916274 |
||
| 100 |
_aBenn, A W _916275 |
||
| 245 |
_aThe kibbutz, _ba new way of life with a foreword |
||
| 260 |
_aOxford _bPergamon Press _c1969 |
||
| 300 | _axiv, 206p. illus | ||
| 518 | _a2067-10-28 | ||
| 650 | _aSocialism | ||
| 650 |
_aCollective settlements _916276 |
||
| 650 | _aEconomic conditions | ||
| 650 |
_aSociety _9244 |
||
| 650 |
_aSocioeconomic status _916277 |
||
| 653 | _aEconomic systems | ||
| 942 |
_2ddc _cGEN |
||
| 999 |
_c57247 _d57241 |
||